000 00610nam a2200253 a 4500
001 nice12345678
003 IN_TiNIC
005 20260116011338.0
008 050524s1950 newa grp 000 0 eng
020 _a
_c0
082 0 0 _a973
_bCUR
100 _aCurti, Merle
245 _aAmerican History Vol.2
260 _aNew York
_bHarper and Row
_c1950
300 _a683p
500 _aincludes index and biblioraphy
505 2 _aIndex
650 _aUnited State of America-History
700 1 _aRichard H Shryock
700 1 _aThomas C Cochran
902 _bSRS
942 _cBK
999 _c704
_d704